000 00431nam a2200193Ia 4500
005 20240823034834.0
008 240823s9999||||xx |||||||||||||| ||und||
020 _a978-81-7223-655-7
041 _aENGLISH
082 _A823.92 Q1
100 _aAdvaita Kala
245 0 _aAlmost Single
250 _a1st
260 _c2011
_bThe India Today
500 _aYES
650 _aNovel
_bEnglish
942 _cBK
999 _c199248
_d199248